<?xml version="1.0" encoding="UTF-8"?>
<collection xmlns="http://www.loc.gov/MARC21/slim">
  <record>
    <leader>00000nam  2200000   4500</leader>
    <controlfield tag="001">INLIS000000000019233</controlfield>
    <controlfield tag="005">20250212115433</controlfield>
    <datafield tag="035" ind1="#" ind2="#">
      <subfield code="a">0010-0225000190</subfield>
    </datafield>
    <controlfield tag="007">ta</controlfield>
    <controlfield tag="008">250212################g##########0#ind##</controlfield>
    <datafield tag="100" ind1=" " ind2="#">
      <subfield code="a">Chazienul Ulum</subfield>
    </datafield>
    <datafield tag="245" ind1="1" ind2="#">
      <subfield code="a">Environmental Governance: Isu, Kebijakan dan Tata Kelola Lingkungan Hidup /</subfield>
      <subfield code="c">M. Chazienul Ulum dan Rispa Ngindana</subfield>
    </datafield>
    <datafield tag="260" ind1="#" ind2="#">
      <subfield code="a">Malang :</subfield>
      <subfield code="b">UB Press,</subfield>
      <subfield code="c">2017</subfield>
    </datafield>
    <datafield tag="300" ind1="#" ind2="#">
      <subfield code="a">xvi, 186 hlm ;</subfield>
      <subfield code="c">5.6 MB</subfield>
    </datafield>
    <datafield tag="020" ind1="#" ind2="#">
      <subfield code="a">978-602-432-188-8</subfield>
    </datafield>
    <datafield tag="082" ind1="#" ind2="#">
      <subfield code="a">363.7</subfield>
    </datafield>
    <datafield tag="084" ind1="#" ind2="#">
      <subfield code="a">363.7 CHA e</subfield>
    </datafield>
    <datafield tag="856" ind1="#" ind2="#">
      <subfield code="a">https://web-ipustakalan.moco.co.id/book/bb431c18-a946-4d7e-b937-b610f520d898</subfield>
    </datafield>
    <datafield tag="520" ind1="#" ind2="#">
      <subfield code="a">Environmental Governance merupakan suatu interaksi multi-level antara lokal, nasional, bahkan global yang dilakukan dalam ranah kebijakan terkait lingkungan yang bertujuan untuk mencapai pembangunan berkelanjutan. Semakin meningkatnya frekuensi kasus, termasuk pembalakan liar, polusi kabut asap, dan masalah lingkungan lainnya, telah memberikan kontribusi bagi munculnya ide-konsep pembangunan yang berwawasan lingkungan. Eksploitasi sumber daya yang tidak terkendali bukan hanya akan mengakibatkan kelangkaan sumber daya, namun juga dapat mengakibatkan menurunnya kualitas lingkungan. Tentu saja degradasi lingkungan yang terjadi sungguh berbahaya bagi keberlangsungan hidup dan kehidupan ekosistem. Untuk itu, diperlukan kebijakan-regulasi terkait dengan perlindungan dan pengelolaan lingkungan hidup yang bersifat preventif untuk mengeliminasi (dampak) degradasi hingga destruksi lingkungan.&#13;
&#13;
Buku ini dikelompokkan menjadi 3 (tiga) Bagian yang terdiri atas 8 (delapan) Bab. Bagian I: Pengantar, Bagian II: Environmental Governance di Indonesia, dan Bagian III: Isu-isu terkait Environmental Governance.</subfield>
    </datafield>
    <datafield tag="990" ind1="#" ind2="#">
      <subfield code="a">2024/4/A/0156</subfield>
    </datafield>
    <datafield tag="990" ind1="#" ind2="#">
      <subfield code="a">2024/4/A/0157</subfield>
    </datafield>
  </record>
</collection>
